Η ΕΠΙΧΕΙΡΗΣΗ ΤΗΣ ΓΝΩΣΗΣ / Η ΔΙΑΧΕΙΡΙΣΗ ΤΗΣ ΓΝΩΣΗΣ ΣΤΗ ΣΥΓΧΡΟΝΗ ΕΠΙΧΕΙΡΗΣΗ (Record no. 7449)
[ view plain ]
| 000 -LEADER | |
|---|---|
| fixed length control field | 01003cam a22002174a 4500 |
| 005 - ΗΜΕΡΟΜΗΝΙΑ ΚΑΙ ΩΡΑ ΤΕΛΕΥΤΑΙΑΣ ΕΝΗΜΕΡΩΣΗΣ | |
| Πεδίο ελέγχου | 20250605164309.0 |
| 008 - FIXED-LENGTH DATA ELEMENTS--GENERAL INFORMATION | |
| Πεδίο ελέγχου σταθερού μήκους | 250528s ||||||||||||||||||||||||d |
| 035 ## - SYSTEM CONTROL NUMBER | |
| System control number | 22396 |
| 020 ## - ISBN | |
| ISBN | 9789600335606 |
| 040 ## - ΠΗΓΗ ΚΑΤΑΛΟΓΟΓΡΑΦΗΣΗΣ | |
| Φορέας πρωτότυπης καταλογογράφησης | MC Athens Campus Library |
| Γλώσσα καταλογογράφησης | Ελληνικά, Μοντέρνα (1453-) |
| Modifying agency | MC Athens Campus Library |
| Κανόνες περιγραφικής καταλογογράφησης | AACR2 |
| 245 1# - ΤΙΤΛΟΣ ΚΑΙ ΔΗΛΩΣΗ ΥΠΕΥΘΥΝΟΤΗΤΑΣ | |
| Τίτλος | Η ΕΠΙΧΕΙΡΗΣΗ ΤΗΣ ΓΝΩΣΗΣ / Η ΔΙΑΧΕΙΡΙΣΗ ΤΗΣ ΓΝΩΣΗΣ ΣΤΗ ΣΥΓΧΡΟΝΗ ΕΠΙΧΕΙΡΗΣΗ |
| 250 ## - EDITION STATEMENT | |
| Edition statement | 1 |
| 260 ## - PUBLICATION, DISTRIBUTION, ETC. | |
| Name of publisher, distributor, etc. | Καστανιώτη, |
| Date of publication, distribution, etc. | 2003 |
| 300 ## - PHYSICAL DESCRIPTION | |
| Extent | 362 |
| 520 ## - SUMMARY, ETC. | |
| Summary, etc. | ΕΙΣΑΓΩΓΗ ΣΤΗΝ ΟΡΓΑΝΩΣΙΑΚΗ ΓΝΩΣΗ ΓΝΩΣΗ & ΔΙΟΙΚΗΣΗ ΘΕΩΡΙΑ ΠΕΡΙ ΔΗΜΙΟΥΡΓΙΑΣ ΟΡΓΑΝΩΣΙΑΚΗΣ ΓΝΩΣΗΣ Η ΔΗΜΙΟΥΡΓΙΑ ΓΝΩΣΗΣ ΣΤΗΝ ΠΡΑΞΗ ΔΙΟΙΚΗΣΗ ΤΟΥ ΤΥΠΟΥ "ΑΠΟ ΤΟ ΜΕΣΟ ΠΡΟΣ ΤΗΝ ΚΟΡΥΦΗ ΚΑΙ ΠΡΟΣ ΤΗ ΒΑΣΗ" |
| 700 1# - ΠΡΟΣΘΕΤΗ ΑΝΑΓΡΑΦΗ--ΦΥΣΙΚΟ ΠΡΟΣΩΠΟ | |
| Personal name | Νονάκα Ικουζίρο |
| 9 (RLIN) | 7322 |
| 700 1# - ΠΡΟΣΘΕΤΗ ΑΝΑΓΡΑΦΗ--ΦΥΣΙΚΟ ΠΡΟΣΩΠΟ | |
| Personal name | Τακεουτσι Χιροτακα |
| 942 ## - ADDED ENTRY ELEMENTS (KOHA) | |
| Koha item type | Books |
| Τύπος τεκμηρίου | Βιβλιοθήκη | Τρέχουσα τοποθεσία | Barcode | Αριθμός εισαγωγής | Ημερομηνία απόκτησης | Ταξιθετικό σύμβολο | Αριθμός αντιτύπου | Κατάσταση απόσυρσης | Κατάσταση χαμένου | Κατάσταση κατεστραμμένου | Μη δανεισμός | Σύνολο δανεισμών | Ημερομηνία τελευταίας εμφάνισης | Η τιμή ισχύει από |
|---|---|---|---|---|---|---|---|---|---|---|---|---|---|---|
| Books | MC Thessaloniki Campus Library | MC Thessaloniki Campus Library | 9780000074485 | 1100 | 05/06/2025 | 658.45 ΝΟΝ | 1 | 05/06/2025 | 05/06/2025 |